Представление документа в формате RUSMARC

ПолеНазваниеЗначение
  Тип записи a
  Библиографический уровень m
001 Контрольный номер UONB/MAIN/dd6abe1869604a6c977c5a4e2c70880e
005 Дата корректировки 20260330133716.8
010 Индекс ISBN __
b Уточнения в пер.
d Цена 87 к.
9 Тираж 8000 экз.
100 Данные общей обработки __
a Данные общей обработки 20260330d1961 u y0rusy0189 ca
101 Язык документа 0_
a Язык текста rus
102 Страна публикации __
a Страна публикации RU
105 Кодированные данные (монография) __
a Кодированные данные (монография) y z 001yy
200 Заглавие и сведения об ответственности 1_
a Заглавие От 70-х годов XIX в. до настоящего времени
f Первые сведения об ответственности И. П. Панащенко, В. Т. Чунтулов, А. П. Погребинский [и др.]
g Последующие сведения об ответственности под редакцией П. В. Кривня [и др.]
210 Выходные данные 1_
d Дата издания 1961
215 Физическое описание __
a Объем 387 с.
320 Библиография __
a Библиография Библиогр. в конце кн.
461 Уровень набора _0
1 2001
a Экономическая история зарубежных стран
e (курс лекций)
e [для экономических факультетов и вузов УССР]
v Ч. 2
1 2101
a Киев
c Изд-во Киевского ун-та
d 1959-1961
1 001UONB/MAIN/b05328333a3441f4ae729633189c6f6e
1 203
a Текст
b визуальный
c непосредственный
1 215
d 23 см
606 Тематические рубрики 0_
a Основная рубрика Зарубежные страны
x Основная подрубрика Экономическая история
j Формальный подзаголовок Учебники и пособия
610 Ключевые слова 0_
a Ключевые слова зарубежные страны; экономическая история; экономическая история зарубежных стран
686 Индексы других классификаций __
2 Код системы rubbk
a Классификационный индекс 63.3(0)2я73
701 Альтернативная интеллектуальная ответственность _1
a Фамилия Панащенко
b Имя (инициалы) И. П.
701 Альтернативная интеллектуальная ответственность _1
a Фамилия Чунтулов
b Имя (инициалы) В. Т.
g Полное личное имя Владимир Тимофеевич
701 Альтернативная интеллектуальная ответственность _1
a Фамилия Погребинский
b Имя (инициалы) А. П.
702 Вторичная интеллектуальная ответственность _1
a Фамилия Кривня
b Имя (инициалы) П. В.
4 Код отношения 340
801 Источник записи _0
a Страна RU
b Организация Ульяновская ОНБ
c Дата составления 20260330
g Правила каталогизации RCR
801 Источник записи _1
a Страна RU
b Организация Ульяновская ОНБ
c Дата составления 20260330
g Правила каталогизации RCR
901 Тип документа __
t Тип документа n
w Контрольный № источника UONB/MAIN/b05328333a3441f4ae729633189c6f6e
909 Создатель записи __
a Создатель записи Батталова
b Дата создания записи 20260330